Statistics for A-Z Long Named Countries

Click here to take the quiz!

General Stats

  • This quiz has been taken 36 times
    (21 since last reset)
  • The average score is 13 of 16

Answer Stats

LetterCountry% Correct
AAfghanistan|Antigua and Barbuda|Azerbaijan
100%
DDemocratic Republic of the Congo|Dominican Republic
94%
KKazakhstan|Kyrgyzstan
94%
SSt. Kitts and Nevis|St. Vincent and the Grenadines|São Tomé and Príncipe|Saudi Arabia|Sierra Leone|Solomon Islands|South Africa|Switzerland
88%
TTrinidad and Tobago|Turkmenistan
88%
BBosnia and Herzegovina|Burkina Faso|Bangladesh
82%
CCôte d'Ivoire|Central African Republic
82%
LLiechtenstein|Luxembourg
82%
NNetherlands|North Macedonia
82%
UUnited Arab Emirates|United Kingdom|United States
82%
PPapua New Guinea|Philippines
76%
EEquatorial Guinea
71%
RRepublic of the Congo
71%
VVatican City
71%
GGuinea-Bissau
65%
MMarshall Islands
65%

Score Distribution

Percentile by Number Answered

Percent of People with Each Score

Your Score History

You have not taken this quiz since the last reset